00829 2200325 4500001002100000005001500021035002000036245006300056100001700119250000600136300003500142700001200177260004400189082001000233084001600243020002200259650001800281990001700299990001700316990001700333990001700350990001700367990001700384990001700401990001700418990001700435990001700452990001700469990001700486INLIS00000000000000220180720085608 a0010-07180000021 aAnak Domba yang Nakal /cRenata Pohan; Ilustrator, Pramono0 aRenata Pohan a- aiv, 61 hlm. :bilus. ;c25 cm.0 aPramono aBekasi :bPT Cahaya Pustaka Raga,c2009 a398.2 a398.2 REN a a978-602-8155-44-1 aCerita Rakyat a00002/P/2018 a00003/P/2018 a00004/P/2018 a00002/P/2018 a00003/P/2018 a00004/P/2018 a00003/P/2018 a00002/P/2018 a00004/P/2018 a00004/P/2018 a00002/P/2018 a00003/P/2018